Axial Muscle List - All (1-18) - Statistics

General Stats
  • This quiz has been taken 29 times
  • The average score is 8 of 18
Answer Stats
Hints Answer % Correct
5 trapezius
100%
6 latissimus dorsi
83%
2 pectoralis major
67%
4 rectus abdominis
67%
3 external oblique
50%
14 Infraspinatus
50%
9 Pectoralis Minor
50%
17 Subscapularis
50%
1 deltoid
33%
11 Internal Oblique
33%
10 Serratus Anterior
33%
8 sternocleidomastoid
33%
15 Supraspinatus
33%
7 teres major
33%
12 Transverse Abdominis
33%
16 Teres Minor
17%
18 Levator Scapula
0%
13 Rhomboid Major and Minor
0%
No matching quizzes found
Score Distribution
Percent of People with Each Score
Percentile by Number Answered
Your Score History
You have not taken this quiz